000 00806nam a2200205Ii 4500
003 JO-AjNU
008 230605s9999||||xx |||||||||||||| ||und||
040 _aJO-AjNU
_bara
_erda
_cJO-AjNU
041 _aara
050 1 4 _aPJ 7505.M32 1987
100 3 _aأصدره قسم اللغة العربية: كلية الإنسانيات والعلوم الإجتماعية، جامعة قطر,
_eauthor
_952091
245 0 0 _aالمدخل لدراسة الفنون الأدبية واللغوية
250 _aط1
264 3 1 _aقطر: دار الثقافة للطباعة والنشر، 1987
300 _a299ص
336 _atext
_btxt
_2rdacontent
337 _aunmediated
_bn
_2rdamedia
338 _avolume
_bnc
_2rdacarrier
650 4 _aالأدب العربي - فنون أدبية ولغوية
_952092
999 _aA23054
_c26622
_d26622